000 00489cam a22001931 4500
001 1694617
005 20180126074517.0
008 720107s1961 nyuab 000 0 eng
010 _a 61018379
040 _aDLC
_cDLC
_dDLC
041 _aeng
080 _a574.9095 LEO
082 0 0 _a574.9095 LEO
100 1 _a9
101 _aMJE
245 0 4 _aThe desert,
_cby A. Starker Leopold and the editors of Life.
906 _a7
_bcbc
_corignew
_du
_eocip
_f19
_gy-gencatlg
942 _2ddc
_cBK
999 _c41003
_d41003